000 00286nam a22001337a 4500
008 170601b xxu||||| |||| 00| 0 eng d
020 _a0394516443
041 _aeng
080 _a94(100)
100 _a17
101 _aSHH
245 _aTHE DIASPORA STORY
_cCOMAY,J
942 _2udc
_cBK
999 _c15411
_d15411